00546nam a2200169Ia 4500003000900000008004100009040001600050080002000066100002300086245014100109250001200250260003800262300001400300650001900314650002100333650002200354IN-BaIIA211028s9999 xx 000 0 eng d cIIA Library a621.316.56bVIN aVinal, George Wood 0aStorage batteriesba general treatise on the physics of chemistry of secondary batteries of their engineering applicationcVinal, G. W. a4th ed. aNew YorkbJohn Wiley & Sonsc1955 axi, 446p. aNASA Thesaurus aPrimary Bateries aStorage Batteries